Normale Ansicht MARC-Ansicht ISBD

Sovremennoe istoričeskoe sibirevedenie (Titelsatznr. 47073)

[ MARC ]
MARC-Details
000 -Satzkennung
Kontrollfeld mit fester Länge 00591nam a22001691cc4500
001 - Kontrollnummer
Kontrollfeld a987662552+Vyp3
035 ## - Systemkontrollnummer
System-Kontrollnummer a987662552
008 - Feld mit fester Länge zur physischen Beschreibung - Allgemeine Angaben
Kontrollfeld mit fester Länge 170707s2008 gw |||| 000u rus d
040 ## - Katalogisierungsquelle
Übertragungsstelle RU-10907106
003 - Kontrollnummer Identifier
Kontrollfeld RU-10907106
245 00 - Titel
Titel Sovremennoe istoričeskoe sibirevedenie
Zählung des Teils/der Abteilung eines Werkes Vyp 3
Titel eines Teils/einer Abteilung eines Werkes K 65-letiju professora V.A. Skubnevskogo
264 ## - Produktion, Veröffentlichung, Distribution, Herstellung und Urheberrechtsvermerk
Herstellungs-, Veröffentlichungs- Vertriebs-, Erzeugungsort Barnaul :
Produzent, Herausgeber, Distributor, Hersteller Azbuka,
Datum der Herstellung, der Veröffentlichung, des Vertriebs oder des Urheberschutzvermerks 2008
246 12 - Titelvarianten
Hauptsachtitel/Kurztitel Sovremennoe istoričeskoe sibirevedenie : XVII - načalo XX v. ; sbornik naučnych trudov. K 65-letiju professora V.A. Skubnevskogo
Zählung des Teils/der Abteilung eines Werkes Vyp 3
300 ## - Physische Beschreibung
Umfang 201 S.
773 08 - Übergeordnete Einheit
Datensatzkontrollnummer a987662552
Zählung und erste Seite Vyp3
942 ## - Zusätzliche Felder (Koha)
Koha-Medientyp Monographien
Exemplare
Ausgeschieden Verloren Klassifikation oder Aufstellungssystematik Beschädigt Nicht entleihbar Heimatbibliothek Aufenthaltsbibliothek Aufstellungsort Erwerbungsdatum Inventarnummer Signatur Barcode Letzte Aktivität Preis gültig von Koha-Medientyp
    Andere/Generische Klassifikation     MWN Osteuropa MWN Osteuropa Magazin - 2 07/07/2017 11-00612 kbestß R 50 n Sibir 27 (3) E004015078FB731C 29/09/2020 22/03/2021 Monographien